00370pab a2200133 454500008004000000100001700040245008100057260000900138300001300147362001300160650001400173700002300187773002600210180718b2012 xxu||||| |||| 00| 0 eng d aUsharani, S. aEquilibrium thinking: An innovative technique for prison staff and prisoners c2012 ap.34-42. aJul-Sept aPrisoners aPhilip, Prateep V. aIndian Police Journal